|
|
|
|
| LEADER |
00000nab a2200000 a 4500 |
| 001 |
vtls008621039 |
| 003 |
SK-MaSNL |
| 005 |
20260304141418.0 |
| 008 |
250505c2005 xo qr|p|||||||000 b|slo |
| 015 |
|
|
|a SNBRB2006/02
|2 snkbucl
|
| 035 |
|
|
|a (sysno)vtls008621039
|
| 035 |
|
|
|a urn:nbn:sk:snk-ab72y9
|
| 035 |
|
|
|a (uuid)447e2a4c-bc51-4b3a-8aeb-99ff85cc110e
|
| 035 |
|
|
|a (urnnbn)urn:nbn:sk:snk:ar-a06r27
|
| 038 |
|
|
|a SNKBUCL
|
| 040 |
|
|
|a SNKBUCL
|b slo
|c SNKBUCL
|e AACR2
|
| 041 |
0 |
|
|a eng
|b eng
|b slo
|
| 044 |
|
|
|a xo
|c SK
|
| 080 |
|
|
|a 621.791.05:621.772:658.588.8
|2 1997
|
| 080 |
|
|
|a 621.772
|2 1997
|
| 080 |
|
|
|a 658.588.8
|2 1997
|
| 100 |
1 |
|
|a Ragan, Emil,
|d 1936-
|4 aut
|9 107502
|
| 245 |
1 |
0 |
|a Method of determination of welds penetration with productive repairs of pressure parts of boilers
|c Emil Ragan, Imrich Andrejčák, Ladislav Doležálek
|
| 246 |
3 |
1 |
|a Metódy stanovenia prievaru zvarových spojov pri produktívnych opravách tlakových častí kotlov
|
| 300 |
|
|
|b Sch.
|
| 504 |
|
|
|a Bibliogr. odkazy
|
| 546 |
|
|
|a Res. angl., slov.
|
| 650 |
0 |
7 |
|a kotly
|2 snkbucl
|9 20560
|
| 650 |
0 |
7 |
|a opravné zváranie
|2 snkbucl
|9 974792
|
| 650 |
0 |
7 |
|a zvarové spoje
|2 snkbucl
|9 31821
|
| 650 |
0 |
7 |
|a prievary
|2 snkbucl
|9 1459229
|
| 650 |
0 |
7 |
|a tlakové nádoby
|2 snkbucl
|9 73347
|
| 650 |
0 |
7 |
|a zváranie
|2 snkbucl
|9 1839
|
| 700 |
1 |
|
|a Andrejčák, Imrich
|4 aut
|9 6758
|
| 700 |
1 |
|
|a Doležálek, Ladislav
|4 aut
|9 473698
|
| 773 |
0 |
|
|t Výrobné inžinierstvo = Manufacturing engineering
|g Roč. IV, č. 3 (2005), s. 12-14
|x 1335-7972
|
| 850 |
|
|
|a Slovenská národná knižnica
|
| 852 |
|
|
|a Slovenská národná knižnica
|
| 958 |
|
|
|a article27
|
| 958 |
|
|
|a NB
|
| 958 |
|
|
|a OND
|
| 958 |
|
|
|a EUIPO
|
| 999 |
|
|
|c 2918656
|d 2920586
|